ARRUPE JESUIT UNIVERSITY

CORONAVIRUS -STOP THE SPREAD - CLEAN,DISINFECT,COVER

Kwame Nkrumah : (Record no. 3069)

MARC details
000 -LEADER
fixed length control field 01365cam a2200337 a 4500
001 - CONTROL NUMBER
control field 724659
005 - DATE AND TIME OF LATEST TRANSACTION
control field 20170607120955.0
008 - FIXED-LENGTH DATA ELEMENTS--GENERAL INFORMATION
fixed length control field 980504s1998 ohub b s001 0beng
010 ## - LIBRARY OF CONGRESS CONTROL NUMBER
LC control number 98007888
020 ## - INTERNATIONAL STANDARD BOOK NUMBER
International Standard Book Number 0821412426 (paper : alk. paper)
040 ## - CATALOGING SOURCE
Original cataloging agency DLC
Transcribing agency DLC
Modifying agency DLC
043 ## - GEOGRAPHIC AREA CODE
Geographic area code f-gh---
-- f------
050 00 - LIBRARY OF CONGRESS CALL NUMBER
Classification number DT512.3.N57
Item number B53 1998
082 00 - DEWEY DECIMAL CLASSIFICATION NUMBER
Classification number 966.705/092
-- B
Edition number 21
100 1# - MAIN ENTRY--PERSONAL NAME
Personal name Birmingham, David.
9 (RLIN) 13113
245 10 - TITLE STATEMENT
Title Kwame Nkrumah :
Remainder of title the father of African nationalism /
Statement of responsibility, etc David Birmingham.
250 ## - EDITION STATEMENT
Edition statement Rev. ed.
260 ## - PUBLICATION, DISTRIBUTION, ETC. (IMPRINT)
Place of publication, distribution, etc Athens :
Name of publisher, distributor, etc Ohio University Press,
Date of publication, distribution, etc 1998.
300 ## - PHYSICAL DESCRIPTION
Extent xi, 142 p. :
Other physical details map ;
Dimensions 21 cm.
500 ## - GENERAL NOTE
General note The first ed., without subtitle, was published: London : Sphere Books, 1990, in the series: Makers of the twentieth century.
504 ## - BIBLIOGRAPHY, ETC. NOTE
Bibliography, etc Includes bibliographical references (p. 133-136) and index.
600 10 - SUBJECT ADDED ENTRY--PERSONAL NAME
Personal name Nkrumah, Kwame,
Dates associated with a name 1909-1972.
9 (RLIN) 32230
650 #0 - SUBJECT ADDED ENTRY--TOPICAL TERM
Topical term or geographic name as entry element Presidents
Geographic subdivision Ghana
General subdivision Biography.
9 (RLIN) 32229
650 #0 - SUBJECT ADDED ENTRY--TOPICAL TERM
Topical term or geographic name as entry element Nationalism
Geographic subdivision Africa
General subdivision History
Chronological subdivision 20th century.
9 (RLIN) 32073
650 #0 - SUBJECT ADDED ENTRY--TOPICAL TERM
Topical term or geographic name as entry element Pan-Africanism.
9 (RLIN) 3229
651 #0 - SUBJECT ADDED ENTRY--GEOGRAPHIC NAME
Geographic name Ghana
General subdivision Politics and government
Chronological subdivision 1957-1979.
9 (RLIN) 23604
906 ## - LOCAL DATA ELEMENT F, LDF (RLIN)
a 7
b cbc
c orignew
d 1
e ocip
f 19
g y-gencatlg
942 ## - ADDED ENTRY ELEMENTS (KOHA)
Source of classification or shelving scheme Library of Congress Classification
Item type Monograph ( Printed materials)
Holdings
Withdrawn status Lost status Source of classification or shelving scheme Damaged status Not for loan Collection code Home library Current library Shelving location Date acquired Total Checkouts Full call number Barcode Date last seen Date last borrowed Copy number Price effective from Koha item type
    Library of Congress Classification     Main Collection ARRUPE LIBRARY ARRUPE LIBRARY   27/02/2013 2 DT512.3.N57B53 1998 46403957 07/12/2017 11/11/2016 1 27/02/2013 Monograph ( Printed materials)

 

Arrupe Library. PO Box MP320 Mt Pleasant, Harare, Zimbabwe
263 242 745411|librarian@aju.ac.zw